Sestry /
Další případ detektiva Servaze, který tentokrát řeší otřesný případ vraždy dvou sester oblečených v šatech k prvnímu svatému přijímání.
Uloženo v:
| Série: | Martin Servaz,
část 5 |
|---|---|
| Hlavní autor: | |
| Další autoři: | , |
| Médium: | E-audiokniha |
| Jazyk: | Czech |
| Vydáno: |
Praha :
Voxi,
[2019]
|
| Edice: | Top thriller
|
| Témata: | |
| Příbuzné jednotky: | Z cyklu::
Martin Servaz |
| Tagy: |
Žádné tagy |
| LEADER | 06823nim a2201201 ia4500 | ||
|---|---|---|---|
| 001 | 313033 | ||
| 003 | CZ PrSKC | ||
| 005 | 20260601215734.0 | ||
| 007 | sd fungnnmmned | ||
| 008 | 191119t20192019xr nnnng f n cze | ||
| 015 | |a cnb003160258 | ||
| 024 | 3 | |a 8594050428638 | |
| 040 | |a ABA001 |b cze |e rda | ||
| 041 | 1 | |d cze |h fre | |
| 072 | 7 | |a 821.133.1-3 |x Francouzská próza, francouzsky psaná |2 Konspekt | |
| 080 | |a 821.133.1-31 |2 MRF | ||
| 080 | |a (0:82-312.4) |2 MRF | ||
| 080 | |a (086.7)08 |2 MRF | ||
| 080 | |a (086.76) |2 MRF | ||
| 100 | 1 | |a Minier, Bernard, |d 1960- |7 xx0192250 |4 aut | |
| 240 | 1 | 0 | |a Sœurs. |l Česky |
| 245 | 1 | 0 | |a Sestry / |c Bernard Minier ; z francouzského originálu Sœurs přeložil Jiří Žák |
| 264 | 1 | |a Praha : |b Voxi, |c [2019] | |
| 264 | 4 | |c ℗2019 | |
| 300 | |a 2 audiodisky (14 hod., 30 min.) ; |c 12 cm | ||
| 306 | |a 143000 | ||
| 336 | |a mluvené slovo |b spw |2 rdacontent | ||
| 337 | |a audio |b s |2 rdamedia | ||
| 338 | |a audiodisk |b sd |2 rdacarrier | ||
| 344 | |a digital |b optical |2 rda | ||
| 347 | |a audio soubor |b MP3 |2 rda | ||
| 490 | 1 | |a Top thriller | |
| 500 | |a Název z disku | ||
| 500 | |a Fonogram Albatros Media | ||
| 500 | |a Nezkrácená audiokniha ve formátu mp3 na dvou CD | ||
| 500 | |a Podle stejnojmenné knihy vydané nakladatelstvím XYZ v roce 2019 | ||
| 511 | 0 | |a Čte Jiří Schwarz | |
| 520 | 2 | |a Další případ detektiva Servaze, který tentokrát řeší otřesný případ vraždy dvou sester oblečených v šatech k prvnímu svatému přijímání. |b Na ostrově řeky Garonne jsou nalezena těla dvou sester. Na první pohled jde o velmi podivný případ. Jednak jsou obě oblečeny do bílých šatů k prvnímu svatému přijímání, jednak první z nich před smrtí čelila surovému násilí, zatímco druhá nikoli. Pro detektiva Servaze jsou důležitou indicií knihy známého spisovatele Erika Langa, který se vyžívá v popisech krutého násilí, a navíc místo činu silně připomíná jistou scénu z jeho knihy. Detektiv Servaz objeví také zvláštně znepokojivé dopisy, které si sestry psaly s neznámým mužem. Podezření padá na Erika Langa, ale důkazů je málo a Langa se usvědčit nepodaří. Teprve po pětadvaceti letech v souvislosti s novou vraždou se případ znovu otevírá. | |
| 655 | 7 | |a francouzské romány |7 fd132289 |2 czenas | |
| 655 | 7 | |a detektivní romány |7 fd132010 |2 czenas | |
| 655 | 7 | |a thrillery (romány) |7 fd184206 |2 czenas | |
| 655 | 7 | |a audioknihy |7 fd119452 |2 czenas | |
| 655 | 7 | |a kompaktní disky |7 fd201991 |2 czenas | |
| 700 | 1 | |a Žák, Jiří, |d 1946-2024 |7 jk01152981 |4 trl | |
| 700 | 1 | |a Schwarz, Jiří, |d 1959- |7 ola2002142356 |4 nrt | |
| 787 | 0 | 8 | |i Z cyklu: |t Martin Servaz |g 5 |
| 830 | 0 | |a Top thriller | |
| 900 | |a ABA001 |b 19 | ||
| 044 | |a xr | ||
| 505 | 0 | 0 | |t Předehra (1988) (19 min., 45 sek.) |
| 505 | 0 | 0 | |t 1993 - 1. Kapitola, v níž se najdou dvě dívky v šatech na první svaté přijímání (10 min., 3 sek.) |
| 505 | 0 | 0 | |t 2. Kapitola, v níž se najde otec (13 min., 20 sek.) |
| 505 | 0 | 0 | |t 3. Kapitola, v níž se mluví o stěhování (13 min., 15 sek.) |
| 505 | 0 | 0 | |t 4. Kapitola, v níž zmizí křížek (25 min., 33 sek.) |
| 505 | 0 | 0 | |t 5. Kapitola, v níž se znovu mluví o Ambre a Alici (10 min., 27 sek.) |
| 505 | 0 | 0 | |t 6. Kapitola, v níž zavládne ticho (14 min., 42 sek.) |
| 505 | 0 | 0 | |t 7. Kapitola, v níž se mluví o knihách a čtenářkách (19 min., 45 sek.) |
| 505 | 0 | 0 | |t 8. Kapitola, v níž je řeč o panenství a fotbale (1) (20 min., 22 sek.) |
| 505 | 0 | 0 | |t 8. Kapitola, v níž je řeč o panenství a fotbale (2) (24 min., 18 sek.) |
| 505 | 0 | 0 | |t 9. Kapitola, v níž se rýsuje první bilance (1) (21 min., 20 sek.) |
| 505 | 0 | 0 | |t 9. Kapitola, v níž se rýsuje první bilance (2) (18 min., 18 sek.) |
| 505 | 0 | 0 | |t 10. Kapitola, v níž je nalíčená past (26 min., 27 sek.) |
| 505 | 0 | 0 | |t 11. Kapitola, v níž se najdou fotografie (4 min., 41 sek.) |
| 505 | 0 | 0 | |t 12. Kapitola, v níž jde o hodiny (15 min., 29 sek.) |
| 505 | 0 | 0 | |t 13. Kapitola, v níž se seznámíme s Karen (16 min., 46 sek.) |
| 505 | 0 | 0 | |t 14. Kapitola, v níž se jde do kina (23 min., 58 sek.) |
| 505 | 0 | 0 | |t 15. Kapitola, v níž strávíme odpornou noc (1) (27 min., 34 sek.) |
| 505 | 0 | 0 | |t 15. Kapitola, v níž strávíme odpornou noc (2) (10 min., 35 sek.) |
| 505 | 0 | 0 | |t 16. Kapitola, v níž dojdeme do finále (9 min., 18 sek.) |
| 505 | 0 | 0 | |t 2018 - 1. kapitola Středa - Hadi (16 min., 27 sek.) |
| 505 | 0 | 0 | |t 2. kapitola Středa - Rozehříváví (22 min., 7 sek.) |
| 505 | 0 | 0 | |t 3. kapitola Středa - Ochlazení (19 min., 26 sek.) |
| 505 | 0 | 0 | |t 4. kapitola Středa - Ráno (20 min., 21 sek.) |
| 505 | 0 | 0 | |t 5. kapitola Středa. Čtvrtek - Otcovství (28 min., 28 sek.) |
| 505 | 0 | 0 | |t 6. kapitola Čtvrtek - Zahrada (8 min., 20 sek.) |
| 505 | 0 | 0 | |t 7. kapitola Čtvrtek - Obdivovatel (1) (23 min., 40 sek.) |
| 505 | 0 | 0 | |t 7. kapitola Čtvrtek - Obdivovatel (2) (10 min., 24 sek.) |
| 505 | 0 | 0 | |t 8. kapitola Čtvrtek - Bezpečnostní kamera (18 min., 27 sek.) |
| 505 | 0 | 0 | |t 9. kapitola Čtvrtek - Les (1) (23 min., 11 sek.) |
| 505 | 0 | 0 | |t 9. kapitola Čtvrtek - Les (2) (13 min., 59 sek.) |
| 505 | 0 | 0 | |t 10. kapitola Pátek - Mravkolev (29 min., 15 sek.) |
| 505 | 0 | 0 | |t 11. kapitola Pátek - Hrůza (14 min., 54 sek.) |
| 505 | 0 | 0 | |t 12. kapitola Sobota - Zmizelá (30 min., 0 sek.) |
| 505 | 0 | 0 | |t 13. kapitola Sobota - Ali Baba (8 min., 52 sek.) |
| 505 | 0 | 0 | |t 14. kapitola Sobota - Nelítostný (24 min., 41 sek.) |
| 505 | 0 | 0 | |t 15. kapitola Neděle - Mlha (3 min., 9 sek.) |
| 505 | 0 | 0 | |t 16. kapitola Neděle - Křížek (12 min., 7 sek.) |
| 505 | 0 | 0 | |t Vazba - 1. kapitola Neděle - Stroj (25 min., 53 sek.) |
| 505 | 0 | 0 | |t 2. kapitola Neděle - Squat (13 min., 55 sek.) |
| 505 | 0 | 0 | |t 3. kapitola Neděle - Vidím ho (5 min., 10 sek.) |
| 505 | 0 | 0 | |t 4. kapitola Neděle - Smrt Vločky (26 min., 47 sek.) |
| 505 | 0 | 0 | |t 5. kapitola Neděle - Klíčový tah (19 min., 13 sek.) |
| 505 | 0 | 0 | |t 6. kapitola Neděle - Ambre + Alice (20 min., 48 sek.) |
| 505 | 0 | 0 | |t 7. kapitola Neděle - "Nebyla to vražda" (19 min., 10 sek.) |
| 505 | 0 | 0 | |t 8. kapitola Neděle - Veslo (5 min., 59 sek.) |
| 505 | 0 | 0 | |t 9. kapitola Neděle - Venkov (11 min., 52 sek.) |
| 505 | 0 | 0 | |t 10. kapitola Neděle - Svobodný (4 min., 21 sek.) |
| 505 | 0 | 0 | |t 11. kapitola Neděle - Oheň (21 min., 50 sek.) |
| 505 | 0 | 0 | |t Epilog - Otcové (18 min., 45 sek.) |
| 505 | 0 | 0 | |t Poděkování (3 min., 5 sek.) |
| 910 | |a RBIT002 | ||
| 998 | |d 206667 |a https://core.palmknihy.cz/api/books/206667/cover?she808 |b https://core.palmknihy.cz/api/books/206667/cover/400?she808 |c https://core.palmknihy.cz/api/books/206667/cover/50?she808 |e 2029-05-07 |i 8594050428638 |l 52200 |q 49 |r 1 |s https://www.palmknihy.cz/kniha/206667 |t audiobook |y 2019 |z 0 | ||
| 999 | |d 313031 | ||